Anime Titles by Pictures #2 - Statistics

General Stats
  • This quiz has been taken 2,567 times
  • The average score is 4 of 12
Answer Stats
Picture Answer % Correct
Sword Art Online
94%
Lucky Star
58%
A Silent Voice
57%
Ghost in the Shell
44%
Link Click
44%
Kill la Kill
34%
JoJo's Bizarre Adventure
33%
Violet Evergarden
21%
Perfect Blue
17%
Kokoro Connect
3%
Liz and the Blue Bird
1%
Super Cub
1%
No matching quizzes found
Score Distribution
Percent of People with Each Score
Percentile by Number Answered
Your Score History
You have not taken this quiz